000 00478nam a2200169Ia 4500
999 _c8679
_d8679
003 OSt
005 20201006130056.0
008 190216s9999||||xx |||||||||||||| ||und||
040 _coclc
082 _a004
_bSIN/C
100 _aSinha, Pradeep K
_95357
245 0 _aComputer Fundamentals /
_cPradeep K Sinha
260 _bBpb Publications,
_aNew Delhi:
_c1992.
300 _a247p
650 _aComputer Science
942 _cBK
_2ddc
_h004
_iSIN/C
_k004
_mSIN/C